A historizmus fantomja
Elmentve itt :
| Szerző: | |
|---|---|
| Adatforrás: | Philobibl |
| Dokumentumtípus: | Könyv |
| Nyelv: | magyar |
| Kulcsszavak: | történetfilozófia vallásfilozófia teológia filozófiatörténet |
| Megjelent: |
Budapest
Jószöveg Műhely
[2012]
|
| LEADER | 00436nam a2200157 c 4500 | ||
|---|---|---|---|
| 001 | bibJAT00846039 | ||
| 005 | 20220826150707.6 | ||
| 008 | 120703s2012 hu 001 | hun d | ||
| 100 | 1 | |a Rugási Gyula | |
| 245 | 1 | 2 | |a A historizmus fantomja |c Rugási Gyula |
| 260 | |a Budapest |b Jószöveg Műhely |c [2012] | ||
| 300 | |a 222 p. |c 23 cm | ||
| 695 | |a történetfilozófia | ||
| 695 | |a vallásfilozófia | ||
| 695 | |a teológia | ||
| 695 | |a filozófiatörténet | ||